|
|
|
|
| LEADER |
00000nam0a2200000 4500 |
| 001 |
295380 |
| 005 |
20231102000813.0 |
| 020 |
|
|
|a RU
|b 84-20189
|
| 035 |
|
|
|a (RuTPU)RU\TPU\book\320458
|
| 090 |
|
|
|a 295380
|
| 100 |
|
|
|a 20150522d1983 km y0rusy5003 ca
|
| 101 |
0 |
|
|a rus
|
| 102 |
|
|
|a RU
|
| 105 |
|
|
|a a z 001zy
|
| 200 |
1 |
|
|a Газодинамика двигателей летательных аппаратов
|e межвузовский сборник
|f Казанский авиационный институт им. А. Н. Туполева (КАИ) ; под ред. Б. С. Виноградова
|
| 210 |
|
|
|a Казань
|c Изд-во КАИ
|d 1983
|
| 215 |
|
|
|a 80 с.
|c ил.
|
| 320 |
|
|
|a Библиография в конце статей
|
| 606 |
1 |
|
|a Авиационные двигатели
|x Газовая динамика
|2 stltpush
|3 (RuTPU)RU\TPU\subj\247
|9 29235
|
| 610 |
1 |
|
|a летательные аппараты
|
| 610 |
1 |
|
|a проточная часть
|
| 610 |
1 |
|
|a реактивные двигатели
|
| 610 |
1 |
|
|a теплообмен
|
| 610 |
1 |
|
|a турбулентные потоки
|
| 610 |
1 |
|
|a расчеты
|
| 610 |
1 |
|
|a пограничные слои
|
| 610 |
1 |
|
|a течение в каналах
|
| 675 |
|
|
|a 621.431.75.01
|z rus
|v 3
|
| 702 |
|
1 |
|a Виноградов
|b Б. С.
|4 340
|
| 712 |
0 |
2 |
|a Казанский авиационный институт им. А. Н. Туполева (КАИ)
|c (1932-1992)
|2 stltpush
|3 (RuTPU)RU\TPU\col\10046
|
| 801 |
|
0 |
|a RU
|b RuMRKP
|c 19950704
|g psbo
|
| 801 |
|
1 |
|a RU
|b 63413507
|c 20150522
|
| 801 |
|
2 |
|a RU
|b 63413507
|c 20181113
|g RCR
|
| 942 |
|
|
|c BK
|